Frasi film di Aldo, Giovanni e Giacomo - facile - Statistics

Statistiche generali
  • Questo quiz è stato fatto 428 volte
  • Il punteggio medio è 11 su 15
Statistiche sulle risposte
Citazione Risposta % Corretto
"Il mio __________ con 30mila lire la fa meglio" falegname
94%
"Finisco di mangiare la __________ e scendo" peperonata
94%
"Non ce la faccio, troppi __________" ricordi
89%
"Fuori dal letto?" "Nessuno è __________". perfetto
86%
"E così domani ___ __________?" "Sì, ma... Niente di serio" ti sposi
81%
"Toccato un __________ __________? Vi siete appena lasciati" tasto dolente
80%
"Quattro e tre __________... Che botta di c*lo!" otto
78%
"Mmmmm, buona questa __________" cadrega
74%
"Ti sembra il caso di dormire con la maglietta di __________?" "Eh, quella di Ronaldo era finita" Sforza
73%
"Non sono __________ professionisti, son presi dalla strada" attori
70%
"No, caro. Chi sa fare, sa __________" capire
67%
"Zia __________, acqua gassata a garganella" Caterina
59%
"Non ci posso credere! La signorina del __________" navigatore
55%
"Il grande e irreprensibile __________. Mamma mia, non sapevo facesse anche teatro" Albertazzi
44%
"__________, amico mio. Abbracciami, guascone" Cristiano
43%
Nessun quiz corrispondente trovato
Distribuzione punteggi
Percentuale di utenti per punteggio
Percentile per numero di risposta
I tuoi punteggi nel tempo
Non hai fatto questo quiz